000 00564nam a22002057a 4500
003 BUBTL
008 210304b xxu||||| |||| 00| 0 eng d
020 _a978-0-421-917804
082 _a346.048/COC
100 _aCornish, William
_93990
245 _aCases and Materials on Intellectual Property
_bWilliam Cornish
250 _a5th
260 _aLondon
_bThomson
_cc2006
300 _a[lix] , 744p . :
_b24 cm.
500 _aIncludes Index.
650 _aLaw
_93991
856 _k0
_l0
_yDownload
942 _2ddc
_cBK
999 _c6469
_d6469